Visualizzazione normale
Vista MARC
- Foucault, Michel
di Personal Name
Records bibliografici associati: 1
001 - CONTROL NUMBER
- control field: 57155
003 - CONTROL NUMBER IDENTIFIER
- control field:
005 - DATE AND TIME OF LATEST TRANSACTION
- control field: 20180512091654.0
008 - FIXED-LENGTH DATA ELEMENTS
- fixed length control field: 180512|| aca||aabn | a|a d
040 ## - CATALOGING SOURCE
- Original cataloging agency:
- Transcribing agency:
100 ## - HEADING--PERSONAL NAME
- Personal name: Foucault, Michel
- Dates associated with a name: 1926-1984
670 ## - SOURCE DATA FOUND
- Source citation: Work cat.: ()0: Foucault, Michel 1926-1984, Le parole e le cose :, 2016